Hidrología en áreas de llanuras : aspectos físico-dinámicos del área de influencia "Estero de la Serpiente" /

Guardado en:
Autor Principal: Zapata, Carlos.
Otros Autores: Villordo, José Antonio., Fabiano, Luis P.
Formato: Libro
Idioma:Spanish
Materias:
Etiquetas: Agregar Etiqueta
Sin Etiquetas, Sea el primero en etiquetar este registro!
LEADER 00806nam a22002295a 4500
001 EEA.libagro005363
005 20180704120313.0
008 130809s1988####ag#a##########000#0#spa#d
082 0 4 |a 553.7809145 
082 0 4 |a 333.9100914508224 
100 1 |a Zapata, Carlos. 
245 1 0 |a Hidrología en áreas de llanuras :  |b aspectos físico-dinámicos del área de influencia "Estero de la Serpiente" /  |c Carlos Zapata, José Antonio Villordo, Luis P. Fabiano. 
300 |a 32 h. :  |b ilus. ;  |c 30 cm.. 
505 8 |a Contiene 6 planos fuera de texto 
653 |a Argentina 
653 |a Agua superficial 
653 |a Recursos hidricos 
653 |a Hidrografia 
653 |a Uso del agua 
700 1 |a Villordo, José Antonio. 
700 1 |a Fabiano, Luis P. 
859 |a AR-BbBCA  |b BIB. AGRONOMIA  |h 553.7809145  |i Z35  |p 1996/2660